Biblioteca

Fe y cultura en nuestro tiempo (Registro nro. 44688)

Detalles MARC
000 -LÍDER
Campo fijo de descripción fija 01610nam a2200409 i 4500
001 - NÚMERO DE CONTROL
Campo de control bimo0000053964
003 - IDENTIFICADOR DEL NÚMERO DE CONTROL
Campo de control CO-MdFUSB
005 - FECHA Y HORA DE LA ULTIMA TRANSACCIÓN
control field 20180622165836.0
008 - ELEMENTOS DE LONGITUD FIJA -- INFORMACIÓN GENERAL
Campo fijo de descripción fija -- Información general 890920s1988 sp spa
017 ## - COPYRIGHT OR LEGAL DEPOSIT NUMBER
Copyright or legal deposit number BI 987-1988
Assigning agency Oficina Depósito Legal Vizcaya
020 ## - NÚMERO INTERNACIONAL NORMALIZADO PARA LIBROS
Número Internacional Normalizado del libro 8429308059
040 ## - FUENTE DE CATALOGACIÓN
Agencia de catalogación original SpMaBN
Idioma de catalogación spa
Agencia que realiza la transcripción CO-MdFUSB
Convenciones de la descripción rda
Agencia que realiza la modificación CO-MdFUSB
041 ## - CÓDIGO DE IDIOMA
Código de idioma para texto/pista de sonido o título separado spa
080 #0 - UNIVERSAL DECIMAL CLASSIFICATION NUMBER
Universal Decimal Classification number 28"19"
080 #0 - UNIVERSAL DECIMAL CLASSIFICATION NUMBER
Universal Decimal Classification number 008"19"
082 ## - NÚMERO DE CLASIFICACIÓN DECIMAL DEWEY
Número de la edición del Dewey 23
Número de clasificación 261.1
Clave de autor-Numero de item R875
100 1# - ASIENTO PRINCIPAL--NOMBRE PERSONAL
Nombre personal Rovira Belloso, Josep Maria
Fechas asociadas con el nombre 1926-
Término relacionador autor
240 ## - TITULO UNIFORME
Título uniforme <a href="Fe i cultura al nostre temps">Fe i cultura al nostre temps</a>
245 #0 - TÍTULO
Título del Material Fe y cultura en nuestro tiempo
Mención de responsabilidad, etc. / Josep Mª Rovira i Belloso ; [traducción y adaptación del autor]
264 #1 - PRODUCCIÓN, PUBLICACIÓN, DISTRIBUCIÓN, MANUFACTURA, Y COPYRIGHT
Lugar de producción, publicación, distribución, manufactura Santander
Nombre del productor, publicador, distribuidor Sal Terrae
Fecha de producción, publicación, distribución, manufactura, o copyright [1988]
264 #4 - PRODUCCIÓN, PUBLICACIÓN, DISTRIBUCIÓN, MANUFACTURA, Y COPYRIGHT
Fecha de producción, publicación, distribución, manufactura, o copyright ©1988
300 ## - DESCRIPCIÓN FÍSICA
Extensión 196 páginas
Dimensiones : 21 cm
Otros detalles físicos :
336 ## - TIPO DE CONTENIDO
Fuente rdacontent
Término de tipo de contenido texto
Código de tipo de contenido txt
337 ## - TIPO DE MEDIO
Fuente rdamedia
Nombre del tipo de medio sin mediación
Código del tipo de medio n
338 ## - TIPO DE SOPORTE
Fuente rdacarrier
Nombre del tipo de soporte volumen
Código Tipo de soporte nc
490 ## - MENCIÓN DE SERIE
Mención de serie Presencia teológica
505 ## - NOTA DE CONTENIDO
Nota de contenido con formato preestablecido Terminología: cultura y fe -- Transición: Las áreas culturales y los temas escogidos para el presente trabajo -- Hechos culturales significativos -- La autocomprensión de la Iglesia en el panorama cultural -- La iglesia ante el pluralismo cultural. La cuestión de la Ética - La inculturación
534 ## - NOTA DE VERSION ORIGINAL
Publicación, distribución, etc. del original Fe i cultura al nostre temps
Frase introductoria Título original en catalán:
563 ## - NOTA DE ENCUADERNACIÓN
Nota de encuadernación Rústico
650 #7 - ASIENTO SECUNDARIO DE MATERIA - TERMINO TEMÁTICO
Término temático o nombre geográfico como elemento de entrada Cristianismo
Subdivisión general Historia
Subdivisión cronológica Siglo XX
Fuente del encabezamiento o término embne
650 #7 - ASIENTO SECUNDARIO DE MATERIA - TERMINO TEMÁTICO
Término temático o nombre geográfico como elemento de entrada Civilización
Subdivisión cronológica Siglo XX
Fuente del encabezamiento o término embne
942 ## - TIPO DE MATERIAL (KOHA)
Tipo de Item KOHA Libros General
956 ## - LOCAL ELECTRONIC LOCATION AND ACCESS (OCLC)
Host name 1 2
Existencias
Estado de Material Estado de Perdido Forma de Clasificación Estado de Dañado No para Préstamo Colección Biblioteca de Origen Biblioteca Permanente Fecha de Adquisición Total de Préstamos Signatura Topográfica Código de Barras Última vez visto Ejemplar/Existencia Fecha de Remplazo Tipo de Material
    Dewey Decimal Classification     Colección General Biblioteca FUSBC Biblioteca FUSBC 14/04/2014   G 261.1 R875f 18244 14/09/2021 Ej. 1 26/01/2016 Libros General

Biblioteca FUSBC | Teléfono: (57+4) 349 88 10 Ext. 141| WhatsApp (+57) 3005338115 
E-mail: biblioteca@unisbc.edu.co | Calle 76 87-14 Robledo Palenque, Medellín, Colombia

Con tecnología Koha